000 00349nam a22001697a 4500
003 UA-OsUOA
001 1692
007 ta
008 20050721b un ||||| |||| 00| 0 ukr d
100 _aBankier
700 _aWilliam
942 _cBK
040 _aUA-OsUOA
_cUA-OsUOA
_dUA-OsUOA
245 _aPrime Crimes2
_bFiction
955 _a2
650 7 _2UDC
999 _c287854
_d287854